Los misterios de París / (Record no. 148878)

MARC details
000 -LEADER
campo de control de longitud fija 00658nam a2200205 i 4500
001 - NÚMERO DE CONTROL
campo de control 148878
003 - IDENTIFICADOR DE NÚMERO DE CONTROL
campo de control ES-MaACL
005 - FECHA Y HORA DE LA ÚLTIMA TRANSACCIÓN
campo de control 20251014063212.0
007 - CAMPO FIJO DE DESCRIPCIÓN FÍSICA--INFORMACIÓN GENERAL
campo de control de longitud fija t|
008 - DATOS DE LONGITUD FIJA--INFORMACIÓN GENERAL
campo de control de longitud fija 070214s1957 sp |||| | spa d
100 1# - ENTRADA PRINCIPAL--NOMBRE DE PERSONA
Nombre de persona Sue, Eugène,
Fechas asociadas al nombre 1804-1857
9 (RLIN) 132950
245 14 - MENCIÓN DEL TÍTULO
Título Los misterios de París /
Mención de responsabilidad, etc. Eugène Sue ; prefacio de Edmond Jaloux ; traducción de Eduardo Artella, Félix Carlos Plá.
260 ## - PUBLICACIÓN, DISTRIBUCIÓN, ETC.
Lugar de publicación, distribución, etc. Barcelona :
Nombre del editor, distribuidor, etc. Albor,
Fecha de publicación, distribución, etc. 1957.
300 ## - DESCRIPCIÓN FÍSICA
Extensión 411 p. ;
Dimensiones 17 cm.
700 1# - ENTRADA AGREGADA--NOMBRE PERSONAL
Nombre de persona Jaloux, Edmond.
9 (RLIN) 65955
700 1# - ENTRADA AGREGADA--NOMBRE PERSONAL
Nombre de persona Artella, Eduardo.
9 (RLIN) 23447
700 1# - ENTRADA AGREGADA--NOMBRE PERSONAL
Nombre de persona Plá, Félix Carlos.
9 (RLIN) 92470
852 ## - LOCALIZACIÓN
Ubicación ES-MaACL
Número de control de estantería C-13517
Holdings
Estatus retirado Estado de pérdida Estado de daño No para préstamo Biblioteca de origen Biblioteca actual Ubicación en estantería Fecha de adquisición Fuente de adquisición Total de préstamos Signatura topográfica completa Código de barras Visto por última vez Precio de reemplazo Tipo de ítem Koha
        Biblioteca del Ateneo de Madrid Biblioteca del Ateneo de Madrid Sala Palomar 17/01/2008     C-13517 1155361 23/02/2023 23/02/2023 Libro impreso